[Event "Montreal op"]
[Site "Montreal"]
[Date "1976.09.06"]
[Round "6"]
[White "Martin, Robert Bryan"]
[Black "Picard, Bernard"]
[Result "1-0"]
[WhiteElo "1760"]
[BlackElo "1530"]
[PlyCount "43"]
[EventDate "1976.09.04"]
[EventType "swiss"]
[EventRounds "6"]
[EventCountry "CAN"]
[SourceTitle "EXT 2022"]
[Source "ChessBase"]
[SourceDate "2021.10.06"]
[SourceVersion "1"]
[SourceVersionDate "2021.10.06"]
[SourceQuality "1"]

1. d4 Nf6 2. c4 e6 3. Nf3 d5 4. Nc3 Bb4 5. a3 Bxc3+ 6. bxc3 c5 7. e3 Bd7 8. Ne5 0-0 9. Nxd7 Qxd7 10. Bd3 dxc4 11. Bxc4 b5 12. Bd3 c4 13. Bc2 Nc6 14. 0-0 a5 15. e4 Rfd8 16. Bg5 Qe7 17. Qf3 h6 18. e5 hxg5 19. exf6 Qd6 20. Qh5 gxf6 21. Qh6 Qf8 22. Qh7# 1-0

[Event "Mauricie ch"]
[Site "Shawinigan"]
[Date "1976.04.04"]
[Round "4"]
[White "Picard, Bernard"]
[Black "Sasseville, Jean"]
[Result "1-0"]
[WhiteElo "1507"]
[BlackElo "1675"]
[PlyCount "63"]
[EventDate "1976.04.03"]
[EventType "swiss"]
[EventRounds "5"]
[EventCountry "CAN"]
[SourceTitle "EXT 2022"]
[Source "ChessBase"]
[SourceDate "2021.10.06"]
[SourceVersion "1"]
[SourceVersionDate "2021.10.06"]
[SourceQuality "1"]

1. e4 e5 2. Nc3 Nf6 3. f4 d5 4. exd5 e4 5. d3 exd3 6. Qxd3 Bc5 7. Be2 0-0 8. Bd2 Re8 9. 0-0-0 Nbd7 10. Bf3 Nb6 11. Nge2 g6 12. Ng3 h5 13. Nce4 Bf8 14. Nxf6+ Qxf6 15. Ne4 Qe7 16. Bc3 Bg7 17. Bxg7 Kxg7 18. Qd4+ f6 19. Rde1 Qf7 20. Ng5 Qd7 21. Rxe8 Qxe8 22. Qc3 Qa4 23. Qxc7+ Bd7 24. Ne6+ Kg8 25. Qc3 Bxe6 26. dxe6 Qxa2 27. Re1 Nc4 28. b3 Qa3+ 29. Kb1 Nd6 30. Qxf6 Qb4 31. Qxg6+ Kf8 32. Qf7+ 1-0